[Event "TCh-POL Ekstraliga 2018"]
[Site "Poland POL"]
[Date "2018.06.10"]
[Round "3.1"]
[Board "2"]
[White "Kempinski, Robert"]
[Black "Czarnota, Pawel"]
[Result "1/2-1/2"]
[WhiteTitle "GM"]
[BlackTitle "GM"]
[WhiteElo "2575"]
[BlackElo "2546"]
[WhiteTeam "KSz Miedz Legnica"]
[BlackTeam "Akademia Szachowa ChessGrow Gliwice"]
[WhiteFideId "1105663"]
[BlackFideId "1121219"]
[EventDate "2018.06.08"]

1. Nf3 Nf6 2. d4 e6 3. c4 d5 4. Nc3 dxc4 5. e3 a6 6. Bxc4 b5 7. Bb3 c5 8. O-O
Bb7 9. Qe2 Nbd7 10. Rd1 Qc7 11. d5 exd5 12. Nxd5 Nxd5 13. Bxd5 Bxd5 14. Rxd5 Be7
15. e4 O-O 16. Bf4 Qxf4 17. Rxd7 Rfe8 18. a4 Bf8 19. e5 Qf5 20. Rd5 Qg6 21. g3
Qc6 22. Rad1 bxa4 23. Ng5 h6 24. Ne4 Rab8 25. Qc2 c4 26. Nd6 Red8 27. R5d4 Qc5
28. Rd5 Qc6 29. R5d4 Qc5 30. Rd5 Qc6 1/2-1/2

[Event "TCh-POL Ekstraliga 2018"]
[Site "Poland POL"]
[Date "2018.06.10"]
[Round "3.1"]
[Board "3"]
[White "Olszewski, Michal"]
[Black "Bobras, Piotr"]
[Result "1/2-1/2"]
[WhiteTitle "GM"]
[BlackTitle "GM"]
[WhiteElo "2529"]
[BlackElo "2499"]
[WhiteTeam "Akademia Szachowa ChessGrow Gliwice"]
[BlackTeam "KSz Miedz Legnica"]
[WhiteFideId "1121251"]
[BlackFideId "1106880"]
[EventDate "2018.06.08"]

1. Nf3 Nf6 2. c4 g6 3. Nc3 Bg7 4. e4 d6 5. d4 O-O 6. h3 Na6 7. Bg5 Qe8 8. g4 c5
9. Bg2 cxd4 10. Nxd4 Bd7 11. Be3 Rc8 12. Qe2 Nc5 13. O-O h5 14. g5 Nh7 15. Rad1
a6 16. Nb3 Na4 17. Nxa4 Bxa4 18. Rc1 e5 19. Qd2 Bxb3 20. axb3 Qe7 21. Rfd1 Rc6
22. h4 Rfc8 23. Bh3 R8c7 24. Qb4 Nf8 25. f3 Ne6 26. Bxe6 Qxe6 27. Kg2 Bf8 28.
Qa5 Be7 29. Rc3 Kg7 30. Rcd3 Rc8 1/2-1/2

[Event "TCh-POL Ekstraliga 2018"]
[Site "Poland POL"]
[Date "2018.06.10"]
[Round "3.1"]
[Board "4"]
[White "Kriebel, Tadeas"]
[Black "Warakomski, Tomasz"]
[Result "1/2-1/2"]
[WhiteTitle "IM"]
[BlackTitle "GM"]
[WhiteElo "2487"]
[BlackElo "2505"]
[WhiteTeam "KSz Miedz Legnica"]
[BlackTeam "Akademia Szachowa ChessGrow Gliwice"]
[WhiteFideId "330027"]
[BlackFideId "1124552"]
[EventDate "2018.06.08"]

1. e4 e5 2. Nf3 Nc6 3. Bb5 a6 4. Ba4 Nf6 5. O-O Be7 6. Re1 b5 7. Bb3 d6 8. c3
O-O 9. h3 Nb8 10. d4 Nbd7 11. Nbd2 Bb7 12. Bc2 Re8 13. Nf1 Bf8 14. Ng3 g6 15. a4
c5 16. d5 c4 17. Bg5 Nc5 18. Qd2 Be7 19. Bh6 Nfd7 20. a5 Bc8 21. h4 Nb7 22. Ng5
Ndc5 23. f4 f6 24. Ne6 Nxe6 25. dxe6 Bxe6 26. f5 Bf7 27. fxg6 hxg6 28. h5 g5 29.
Nf5 Be6 30. Rf1 Kh7 31. Qf2 Rg8 32. Nxe7 Qxe7 33. Qxf6 Rae8 34. Qxe7+ Rxe7 35.
Rf6 Bf7 36. Bd1 Nc5 37. Bg4 Be6 38. Bf5+ Bxf5 39. exf5 Ne4 40. Bf8 Nxf6 41. Bxe7
Nxh5 42. Rd1 Ng3 43. f6 Kg6 44. Rxd6 Ra8 45. Bd8 Ra7 46. Re6 Rd7 47. Be7 Ne2+
48. Kh2 Nf4 49. Rxe5 Rd5 50. Rxd5 Nxd5 51. Kg3 Nxf6 52. Kf3 g4+ 53. Kg3 Nd5 54.
Bf8 Kf5 55. Bd6 Nf6 56. Be7 Ne4+ 57. Kh4 Nf2 58. Kg3 Ne4+ 59. Kh4 Kf4 60. Bd8
Nf2 61. Bg5+ Kf5 62. Be7 Nd3 63. Ba3 Kf4 64. Bd6+ 1/2-1/2

[Event "TCh-POL Ekstraliga 2018"]
[Site "Poland POL"]
[Date "2018.06.10"]
[Round "3.1"]
[Board "5"]
[White "Szelag, Marcin"]
[Black "Murdzia, Piotr"]
[Result "0-1"]
[WhiteTitle "IM"]
[BlackTitle "IM"]
[WhiteElo "2421"]
[BlackElo "2414"]
[WhiteTeam "Akademia Szachowa ChessGrow Gliwice"]
[BlackTeam "KSz Miedz Legnica"]
[WhiteFideId "1112228"]
[BlackFideId "1105671"]
[EventDate "2018.06.08"]

1. e4 e5 2. Nf3 Nc6 3. Bb5 a6 4. Ba4 Nf6 5. O-O b5 6. Bb3 Bb7 7. d3 Be7 8. Nc3
d6 9. a4 b4 10. Nd5 Nxd5 11. Bxd5 O-O 12. c3 Rb8 13. Be3 bxc3 14. bxc3 Na5 15.
Ba2 c5 16. Qc2 Qc7 17. Nd2 Bc8 18. Bd5 Be6 19. Qa2 Qd7 20. Nc4 Bxd5 21. exd5
Nxc4 22. Qxc4 Qb7 23. f4 Bf6 24. g4 Rfe8 25. g5 exf4 26. gxf6 Rxe3 27. Qxf4 Re5
28. c4 g5 29. Qg4 Qb2 0-1

[Event "TCh-POL Ekstraliga 2018"]
[Site "Poland POL"]
[Date "2018.06.10"]
[Round "3.1"]
[Board "6"]
[White "Sliwicka, Alicja"]
[Black "Warakomska, Anna"]
[Result "0-1"]
[WhiteTitle "WFM"]
[BlackTitle "WIM"]
[WhiteElo "2274"]
[BlackElo "2349"]
[WhiteTeam "KSz Miedz Legnica"]
[BlackTeam "Akademia Szachowa ChessGrow Gliwice"]
[WhiteFideId "1150677"]
[BlackFideId "1130790"]
[EventDate "2018.06.08"]

1. e4 e5 2. Nf3 Nc6 3. d4 exd4 4. Nxd4 Nf6 5. Nxc6 bxc6 6. e5 Qe7 7. Qe2 Nd5 8.
c4 Nb6 9. Nc3 Ba6 10. b3 O-O-O 11. Bb2 Re8 12. O-O-O Qxe5 13. Qd2 Qa5 14. Bd3
Ba3 15. Rhe1 Kb8 16. Kb1 Bxb2 17. Kxb2 Bc8 18. Qf4 Qc5 19. Bc2 d5 20. Rxe8 Rxe8
21. cxd5 cxd5 22. Rd4 Ba6 23. Qd2 Kb7 24. Bd1 c6 25. Bc2 Qe7 26. a4 c5 27. Rg4
d4 28. Nb5 Bxb5 29. axb5 Qe2 30. Qxe2 Rxe2 31. Kc1 g6 32. Rf4 f5 33. g4 Nd5 34.
Rf3 Nb4 35. Bb1 fxg4 36. Rf7+ Kb6 37. Rxh7 d3 38. Rd7 Rxf2 39. Bxd3 Nxd3+ 40.
Rxd3 Rxh2 41. Rg3 Rh4 42. Kc2 Kxb5 43. Rg2 Kb4 44. Kb2 a5 45. Kc2 Kb5 46. Kb2
Kc6 47. Kc1 Kd5 48. Kd1 Ke4 49. Rg3 Kf4 50. Rc3 g3 51. Ke2 Kg4 52. Kf1 Kh3 53.
Rxc5 Rf4+ 54. Kg1 Rd4 55. Rc1 Rd3 56. Rb1 g2 0-1

[Event "TCh-POL Ekstraliga 2018"]
[Site "Poland POL"]
[Date "2018.06.10"]
[Round "3.2"]
[Board "1"]
[White "Nasuta, Grzegorz"]
[Black "Wojtaszek, Radoslaw"]
[Result "0-1"]
[WhiteTitle "IM"]
[BlackTitle "GM"]
[WhiteElo "2490"]
[BlackElo "2730"]
[WhiteTeam "UKS Hetman Czestochowa"]
[BlackTeam "Wasko HETMAN GKS Katowice"]
[WhiteFideId "1141686"]
[BlackFideId "1118358"]
[EventDate "2018.06.08"]

1. e4 e5 2. Nf3 Nc6 3. Bc4 Nf6 4. d3 h6 5. O-O d6 6. c3 g5 7. Re1 Bg7 8. a4 O-O
9. Na3 Ne7 10. Nc2 c6 11. d4 Qc7 12. Bd3 Ng6 13. Ne3 Re8 14. dxe5 dxe5 15. Nd2
Nf4 16. Bc4 h5 17. Qc2 g4 18. Nf5 Nh7 19. Nf1 Be6 20. Be2 Bxf5 21. exf5 e4 22.
Ng3 Nf6 23. Bf1 Nd3 24. Re2 Nxc1 25. Rxc1 Bh6 26. Rce1 e3 27. Nh1 h4 28. Rxe3
Bxe3 29. fxe3 g3 30. hxg3 hxg3 31. Qe2 Re4 32. Qf3 Rg4 33. e4 Qb6+ 34. Qe3 Rxe4 0-1

[Event "TCh-POL Ekstraliga 2018"]
[Site "Poland POL"]
[Date "2018.06.10"]
[Round "3.2"]
[Board "3"]
[White "Paszewski, Mateusz"]
[Black "Socko, Bartosz"]
[Result "0-1"]
[WhiteTitle "FM"]
[BlackTitle "GM"]
[WhiteElo "2322"]
[BlackElo "2588"]
[WhiteTeam "UKS Hetman Czestochowa"]
[BlackTeam "Wasko HETMAN GKS Katowice"]
[WhiteFideId "1141058"]
[BlackFideId "1107038"]
[EventDate "2018.06.08"]

1. c4 e5 2. g3 Nc6 3. Nc3 g6 4. Bg2 Bg7 5. e4 d6 6. d3 f5 7. Nge2 Nf6 8. O-O O-O
9. h3 Be6 10. exf5 gxf5 11. f4 Qd7 12. Be3 Rae8 13. Qd2 e4 14. b3 exd3 15. Qxd3
Ne4 16. Bd4 Nxd4 17. Nxd4 Nxc3 18. Qxc3 c5 0-1

[Event "TCh-POL Ekstraliga 2018"]
[Site "Poland POL"]
[Date "2018.06.10"]
[Round "3.2"]
[Board "4"]
[White "Bulski, Krzysztof"]
[Black "Tomaszewski, Roman"]
[Result "1-0"]
[WhiteTitle "GM"]
[BlackTitle "IM"]
[WhiteElo "2535"]
[BlackElo "2265"]
[WhiteTeam "Wasko HETMAN GKS Katowice"]
[BlackTeam "UKS Hetman Czestochowa"]
[WhiteFideId "1121499"]
[BlackFideId "1100637"]
[EventDate "2018.06.08"]

1. c4 Nf6 2. Nc3 c5 3. g3 Nc6 4. Bg2 g6 5. Nh3 Bg7 6. O-O O-O 7. Nf4 d6 8. a3 a5
9. Rb1 Rb8 10. d3 Bd7 11. Bd2 Ne8 12. Nb5 Nd4 13. Nxd4 Bxd4 14. b4 axb4 15. axb4
b6 16. Qb3 Ng7 17. Qa2 e6 18. e3 Be5 19. Qa7 Bxf4 20. gxf4 Nf5 21. bxc5 dxc5 22.
Bc3 b5 23. Be5 Rc8 24. cxb5 Nh4 1-0

[Event "TCh-POL Ekstraliga 2018"]
[Site "Poland POL"]
[Date "2018.06.10"]
[Round "3.2"]
[Board "5"]
[White "Flis, Jacek"]
[Black "Jarmula, Lukasz"]
[Result "0-1"]
[WhiteTitle "FM"]
[BlackTitle "IM"]
[WhiteElo "2242"]
[BlackElo "2499"]
[WhiteTeam "UKS Hetman Czestochowa"]
[BlackTeam "Wasko HETMAN GKS Katowice"]
[WhiteFideId "1100351"]
[BlackFideId "1160664"]
[EventDate "2018.06.08"]

1. e4 c6 2. d4 d5 3. Nd2 dxe4 4. Nxe4 Nf6 5. Nxf6+ exf6 6. Nf3 Bd6 7. Bd3 O-O 8.
O-O Bg4 9. h3 Bh5 10. Re1 Nd7 11. Be3 Re8 12. c4 Qc7 13. c5 Bh2+ 14. Kh1 Bf4 15.
Bxf4 Qxf4 16. Qd2 Qc7 17. g4 Bg6 18. Bxg6 hxg6 19. Rxe8+ Rxe8 20. Re1 Qd8 21. b4
Nf8 22. Rxe8 Qxe8 23. Qf4 Qe2 24. Kg2 Ne6 25. Qb8+ Kh7 26. Kg3 g5 27. h4 Qd3 28.
hxg5 0-1

[Event "TCh-POL Ekstraliga 2018"]
[Site "Poland POL"]
[Date "2018.06.10"]
[Round "3.2"]
[Board "6"]
[White "Socko, Monika"]
[Black "Lach, Aleksandra"]
[Result "1-0"]
[WhiteTitle "GM"]
[BlackTitle "WIM"]
[WhiteElo "2458"]
[BlackElo "2209"]
[WhiteTeam "Wasko HETMAN GKS Katowice"]
[BlackTeam "UKS Hetman Czestochowa"]
[WhiteFideId "1106619"]
[BlackFideId "1134299"]
[EventDate "2018.06.08"]

1. d4 g6 2. e4 Bg7 3. c4 e6 4. Nc3 Ne7 5. Nf3 d5 6. cxd5 exd5 7. e5 h6 8. Be2
Be6 9. O-O O-O 10. b4 a6 11. a4 b6 12. Ba3 Re8 13. Qc2 Nf5 14. Rfd1 Bf8 15. Qb2
Ra7 16. b5 Bxa3 17. Rxa3 a5 18. Bd3 Nh4 19. Nxh4 Qxh4 20. Ne2 Nd7 21. Rc3 Nf8
22. Rdc1 Rc8 23. g3 Qe7 24. Qc2 Kg7 25. f4 Qd7 26. Rf1 Bh3 27. Rf2 Bf5 28. Rc6
Bxd3 29. Qxd3 Qf5 30. Qxf5 gxf5 31. g4 fxg4 32. f5 Nd7 33. Rg2 Nb8 34. Rxg4+ Kh7
35. Rf6 c6 36. Rh4 Rg8+ 37. Kf2 cxb5 38. Rfxh6+ Kg7 39. Rxb6 Na6 40. Rg4+ Kf8
41. Rxg8+ Kxg8 42. Rxb5 Nb4 43. Nf4 Kg7 44. h4 Kh6 45. Kf3 Nc2 46. Rxd5 Rb7 47.
Rd6+ Kh7 48. e6 Rb3+ 49. Kf2 Ne3 50. e7 Ng4+ 51. Kg2 Ne3+ 52. Kg1 1-0

[Event "TCh-POL Ekstraliga 2018"]
[Site "Poland POL"]
[Date "2018.06.10"]
[Round "3.3"]
[Board "1"]
[White "Antoniewski, Rafal"]
[Black "Bartel, Mateusz"]
[Result "1/2-1/2"]
[WhiteTitle "GM"]
[BlackTitle "GM"]
[WhiteElo "2521"]
[BlackElo "2602"]
[WhiteTeam "LKS Wrzos Miedzyborow"]
[BlackTeam "KSz Polonia Wroclaw"]
[WhiteFideId "1111078"]
[BlackFideId "1112635"]
[EventDate "2018.06.08"]

1. Nf3 d5 2. e3 Nf6 3. b3 g6 4. Bb2 Bg7 5. c4 c6 6. Be2 O-O 7. O-O Nbd7 8. Qc2
b6 9. d4 Bb7 10. Nbd2 Rc8 11. Rac1 e6 12. Rfd1 Qe7 13. h3 Rfd8 14. Qb1 Ne8 15.
Ne5 Nxe5 16. dxe5 c5 17. Nf3 Nc7 18. Bc3 Na6 19. Nh2 h5 20. Qb2 Nb4 21. f4 dxc4
22. Bxc4 Nd5 23. Bd2 Bc6 24. Nf1 Qb7 25. Be1 Ne7 26. Rxd8+ Rxd8 27. Bh4 b5 28.
Bxe7 Qxe7 29. Be2 Qb7 30. Bd1 Bf8 31. Qf2 Qa6 32. Bf3 Bxf3 33. gxf3 c4 34. bxc4
bxc4 35. Ng3 Qa3 36. Rxc4 Bc5 37. Nf1 Rd1 38. Kg2 Kh7 39. Qe2 Ra1 40. Rc2 Bb6
41. Qf2 a5 42. Qe2 a4 43. Rb2 Re1 44. Qf2 Bxe3 45. Nxe3 Qxe3 46. Qxe3 Rxe3 47.
h4 Ra3 48. Kg3 Kg7 49. Rc2 Kf8 50. Rb2 Ke7 51. Rd2 Ke8 52. Kf2 Rc3 53. Ke2 a3
54. Kf2 Ke7 55. Kg3 f6 56. Re2 Ke8 57. Rd2 Ke7 58. Re2 Ke8 1/2-1/2

[Event "TCh-POL Ekstraliga 2018"]
[Site "Poland POL"]
[Date "2018.06.10"]
[Round "3.3"]
[Board "2"]
[White "Sadzikowski, Daniel"]
[Black "Cyborowski, Lukasz"]
[Result "1/2-1/2"]
[WhiteTitle "GM"]
[BlackTitle "GM"]
[WhiteElo "2576"]
[BlackElo "2514"]
[WhiteTeam "KSz Polonia Wroclaw"]
[BlackTeam "LKS Wrzos Miedzyborow"]
[WhiteFideId "1132253"]
[BlackFideId "1108760"]
[EventDate "2018.06.08"]

1. e4 e5 2. Nf3 Nc6 3. Bb5 Nf6 4. d3 Bc5 5. Bxc6 dxc6 6. Nc3 Bg4 7. h3 Bxf3 8.
Qxf3 Nd7 9. Qg3 O-O 10. Bd2 Bd6 11. f4 exf4 12. Bxf4 Nc5 13. Bxd6 Qxd6 14. Qxd6
cxd6 15. Rf1 Ne6 16. Kd2 Rfd8 17. a4 Rac8 18. a5 g6 19. Ra4 Kg7 20. Rb4 Rc7 21.
Ra4 Nc5 22. Raa1 Ne6 23. Ra4 Nc5 24. Raa1 Ne6 25. Ra4 1/2-1/2

[Event "TCh-POL Ekstraliga 2018"]
[Site "Poland POL"]
[Date "2018.06.10"]
[Round "3.3"]
[Board "3"]
[White "Nurkiewicz, Maciej"]
[Black "Tazbir, Marcin"]
[Result "0-1"]
[BlackTitle "GM"]
[WhiteElo "2370"]
[BlackElo "2525"]
[WhiteTeam "LKS Wrzos Miedzyborow"]
[BlackTeam "KSz Polonia Wroclaw"]
[WhiteFideId "1107046"]
[BlackFideId "1122452"]
[EventDate "2018.06.08"]

1. e4 c5 2. Nf3 d6 3. d4 cxd4 4. Nxd4 Nf6 5. Nc3 a6 6. g3 g6 7. Bg2 Bg7 8. O-O
O-O 9. b3 Bg4 10. Qd2 Nc6 11. Nxc6 bxc6 12. Bb2 Qa5 13. f3 Be6 14. Rf2 Rfd8 15.
Na4 Qxd2 16. Rxd2 Bh6 17. f4 Nd7 18. c4 Rac8 19. Rad1 Bg4 20. Rf1 f6 21. h3 Be6
22. Rd3 Bg7 23. g4 c5 24. Kh2 Rf8 25. Re1 Bf7 26. h4 Rb8 27. Kg3 g5 28. Bc1
gxf4+ 29. Bxf4 h5 30. Bh3 hxg4 31. Bxg4 Ne5 32. Bxe5 fxe5 33. Nc3 Bh6 34. Kh3
Kh8 35. Bf5 Rg8 36. Ne2 a5 37. Rg1 a4 38. Rxg8+ Rxg8 39. Rg3 Ra8 40. Bg4 axb3
41. axb3 Ra2 42. Rd3 Bg6 43. Ng3 Bf4 44. Bf3 Bxg3 45. Kxg3 Kg7 46. Re3 Kh6 47.
Bg4 Rd2 48. Be6 Rd4 49. Bd5 Kh5 50. Kf3 Kxh4 51. b4 cxb4 52. Rb3 e6 53. Bxe6
Bxe4+ 54. Ke3 Bg6 55. Rxb4 Rd3+ 56. Kf2 e4 57. Rb1 Kg5 58. Rg1+ Kf6 59. Bd5 Bf5
60. Rg8 Ke5 61. Rh8 Rf3+ 62. Ke2 Ra3 63. Rh5 Kf4 64. Rh4+ Bg4+ 65. Kd2 e3+ 66.
Kc2 e2 67. Rh1 Ke3 68. Rg1 Kf2 69. Rg2+ Kf1 0-1

[Event "TCh-POL Ekstraliga 2018"]
[Site "Poland POL"]
[Date "2018.06.10"]
[Round "3.3"]
[Board "4"]
[White "Wieczorek, Oskar"]
[Black "Bartel, Michal"]
[Result "1/2-1/2"]
[WhiteTitle "IM"]
[BlackTitle "FM"]
[WhiteElo "2469"]
[BlackElo "2360"]
[WhiteTeam "KSz Polonia Wroclaw"]
[BlackTeam "LKS Wrzos Miedzyborow"]
[WhiteFideId "1133950"]
[BlackFideId "1119257"]
[EventDate "2018.06.08"]

1. c4 e5 2. g3 c6 3. Nf3 e4 4. Nd4 d5 5. cxd5 Qxd5 6. Nc2 Bc5 7. Bg2 Qe5 8. Nc3
Nf6 9. b4 Bb6 10. Bb2 O-O 11. Ne3 Qe7 12. Qc2 Bxe3 13. fxe3 Bf5 14. O-O Bg6 15.
b5 Re8 16. a4 a6 17. Rab1 axb5 18. axb5 Nbd7 19. bxc6 bxc6 20. Na4 Ne5 21. Bh3
Nfg4 22. Nc5 h5 23. Bd4 Rab8 24. Rxb8 Rxb8 25. Qc3 f6 26. Bg2 Nf7 27. Qc2 Re8
28. Rb1 Qd6 29. Nxe4 Qe6 30. d3 Bxe4 31. Bxe4 Ng5 32. Qxc6 Nxe4 33. Qxe6+ Rxe6
34. dxe4 Rxe4 35. h3 1/2-1/2

[Event "TCh-POL Ekstraliga 2018"]
[Site "Poland POL"]
[Date "2018.06.10"]
[Round "3.3"]
[Board "5"]
[White "Sliwerski, Radoslaw"]
[Black "Gumularz, Szymon"]
[Result "0-1"]
[BlackTitle "IM"]
[WhiteElo "2006"]
[BlackElo "2452"]
[WhiteTeam "LKS Wrzos Miedzyborow"]
[BlackTeam "KSz Polonia Wroclaw"]
[WhiteFideId "1115308"]
[BlackFideId "1188062"]
[EventDate "2018.06.08"]

1. d4 g6 2. Nf3 Bg7 3. g3 c5 4. c3 cxd4 5. cxd4 d5 6. Bg2 Nc6 7. Nc3 Bg4 8. O-O
Bxf3 9. Bxf3 e6 10. e3 f5 11. Qb3 Qe7 12. Bd2 Nf6 13. Rfc1 O-O 14. Na4 Ne4 15.
Be1 Kh8 16. Nc5 Rab8 17. Qa4 e5 18. Nxb7 Rxb7 19. Qxc6 exd4 20. exd4 Rxb2 21.
Rab1 Qa3 22. Bxe4 fxe4 23. Qxd5 e3 24. f4 Rxb1 25. Rxb1 Qd3 26. Rb3 Qe2 27. Rb1
Qd3 28. Rb3 Qe2 29. Rb1 Qc2 30. Qb3 Qe4 31. d5 Bd4 32. Bc3 e2+ 33. Bxd4+ Qxd4+
34. Kg2 Qd2 0-1

[Event "TCh-POL Ekstraliga 2018"]
[Site "Poland POL"]
[Date "2018.06.10"]
[Round "3.3"]
[Board "6"]
[White "Zawadzka, Jolanta"]
[Black "Kulon, Klaudia"]
[Result "1/2-1/2"]
[WhiteTitle "WGM"]
[BlackTitle "WGM"]
[WhiteElo "2434"]
[BlackElo "2356"]
[WhiteTeam "KSz Polonia Wroclaw"]
[BlackTeam "LKS Wrzos Miedzyborow"]
[WhiteFideId "1122320"]
[BlackFideId "1131044"]
[EventDate "2018.06.08"]

1. e4 e5 2. Nf3 Nc6 3. Bb5 a6 4. Ba4 Nf6 5. O-O Be7 6. Re1 b5 7. Bb3 d6 8. c3
O-O 9. d4 Bg4 10. d5 Na5 11. Bc2 c6 12. h3 Bh5 13. dxc6 Qc7 14. Nbd2 Rad8 15.
Qe2 Qxc6 16. Nf1 Rfe8 17. Ng3 Bg6 18. a4 Nc4 19. axb5 axb5 20. b3 Nb6 21. Bd2
Na8 22. Rec1 Nc7 23. b4 Bf8 24. c4 Qb7 25. cxb5 d5 26. Bg5 Nxb5 27. Bxf6 gxf6
28. Ba4 Rb8 29. exd5 Qxd5 30. Rd1 Qb7 31. Rac1 Bxb4 32. Nh4 Ba3 33. Rc4 Red8 34.
Nhf5 Nd6 35. Nxd6 Rxd6 36. Rxd6 Bxd6 37. Bc2 Qb2 38. Rc6 Be7 39. Qg4 Qc1+ 40.
Kh2 Qd2 41. Ne4 Qd8 42. Ng3 Qd2 43. Ne4 Qd8 44. Ng3 Bf8 45. Nh5 Be7 1/2-1/2

[Event "TCh-POL Ekstraliga 2018"]
[Site "Poland POL"]
[Date "2018.06.10"]
[Round "3.4"]
[Board "1"]
[White "Kuzmicz, Krystian"]
[Black "Moranda, Wojciech"]
[Result "1/2-1/2"]
[WhiteTitle "IM"]
[BlackTitle "GM"]
[WhiteElo "2460"]
[BlackElo "2601"]
[WhiteTeam "Bialy Krol Wisznia Mala"]
[BlackTeam "WIEZA PEGOW"]
[WhiteFideId "1119125"]
[BlackFideId "1122401"]
[EventDate "2018.06.08"]

1. b3 Nf6 2. Bb2 g6 3. Bxf6 exf6 4. d4 d5 5. e3 c6 6. g3 h5 7. h4 Bg4 8. Qd2 a5
9. Bg2 Nd7 10. Ne2 a4 11. b4 Bxe2 12. Kxe2 b5 13. c3 f5 14. Qc2 Bh6 15. Nd2 O-O
16. Rae1 Nf6 17. Kd1 Re8 18. Re2 Ra7 19. Rhe1 Rae7 20. Bf3 Re6 21. a3 R8e7 22.
Nf1 Ne8 23. Nd2 Nd6 24. Bg2 Qe8 25. Bf3 Qb8 26. Bg2 Ne8 27. Nf1 Nf6 28. Bf3 Re8
29. Qd3 Bf8 30. Qc2 Bd6 31. Qd3 Kg7 32. Qc2 Bc7 33. Kc1 Ne4 34. Bxe4 fxe4 35.
Nd2 Rf6 36. Rh1 Qc8 37. Qd1 Qg4 38. Rh2 Rf5 39. Re1 Re6 40. Qxg4 hxg4 41. Rg1
Rh5 42. Rhg2 Rh8 1/2-1/2

[Event "TCh-POL Ekstraliga 2018"]
[Site "Poland POL"]
[Date "2018.06.10"]
[Round "3.4"]
[Board "2"]
[White "Plat, Vojtech"]
[Black "Brodowski, Piotr"]
[Result "1/2-1/2"]
[WhiteTitle "GM"]
[BlackTitle "IM"]
[WhiteElo "2551"]
[BlackElo "2437"]
[WhiteTeam "WIEZA PEGOW"]
[BlackTeam "Bialy Krol Wisznia Mala"]
[WhiteFideId "325740"]
[BlackFideId "1124480"]
[EventDate "2018.06.08"]

1. d4 Nf6 2. Nf3 c5 3. c3 b6 4. g3 Bb7 5. Bg2 g6 6. Qb3 Qc8 7. O-O d5 8. dxc5
Qxc5 9. Be3 Qc8 10. Nbd2 Bg7 11. c4 O-O 12. Rac1 dxc4 13. Nxc4 Nc6 14. Nfe5 Nxe5
15. Nxe5 Qb8 16. Nc6 Qe8 17. Qa3 Kh8 18. Bd4 e5 19. Nxe5 Bxg2 20. Kxg2 Ng4 21.
Nf3 Bxd4 22. Nxd4 Qe4+ 23. Nf3 Qxe2 24. Qc3+ f6 25. Rce1 Qb5 26. Re7 Rac8 27.
Qd4 Rc4 28. Qd6 Qc6 29. Qxc6 Rxc6 30. Rd1 f5 31. Rdd7 Nf6 32. Rxa7 Rc2 33. Ng5
Re8 34. Rf7 Ng4 35. Nh3 Rxb2 36. Rxh7+ Kg8 37. Rhg7+ Kh8 38. Rxg6 Nxf2 39. Nxf2
Ree2 40. Rd6 Rxf2+ 41. Kg1 Rg2+ 42. Kf1 Rgd2 43. Rxd2 Rxd2 44. Kg1 Kg8 45. a4
Ra2 46. Ra6 Kg7 47. h4 Rb2 48. Ra7+ Kg6 49. Rb7 Rb4 50. Kg2 Rb2+ 51. Kh3 Rb4 52.
Rc7 Rxa4 53. Rc6+ Kh5 54. Rxb6 Ra2 55. Rb8 Rf2 56. Rb4 Kg6 57. Rb6+ Kg7 58. h5
Re2 59. Rg6+ Kf7 60. Kh4 Re3 61. Ra6 Kg7 62. Ra1 Re4+ 63. Kg5 Rg4+ 64. Kxf5 Rxg3
65. Ra6 Kh7 66. Rf6 Rf3+ 67. Kg5 Rxf6 68. Kxf6 Kh6 69. Ke5 Kxh5 1/2-1/2

[Event "TCh-POL Ekstraliga 2018"]
[Site "Poland POL"]
[Date "2018.06.10"]
[Round "3.4"]
[Board "3"]
[White "Butkiewicz, Lukasz"]
[Black "Dziuba, Marcin"]
[Result "1/2-1/2"]
[WhiteTitle "IM"]
[BlackTitle "GM"]
[WhiteElo "2449"]
[BlackElo "2577"]
[WhiteTeam "Bialy Krol Wisznia Mala"]
[BlackTeam "WIEZA PEGOW"]
[WhiteFideId "1122428"]
[BlackFideId "1112953"]
[EventDate "2018.06.08"]

1. d4 d5 2. c4 c6 3. Nf3 Nf6 4. e3 Bf5 5. Nc3 e6 6. Qb3 Qb6 7. c5 Qc7 8. Nh4 Bg6
9. Nxg6 hxg6 10. g3 Nbd7 11. Bg2 e5 12. O-O g5 13. Re1 e4 14. f3 exf3 15. Bxf3
O-O-O 16. Qa4 a6 17. b4 Be7 18. Re2 g4 19. Bh1 Nf8 20. Qc2 Ne6 21. Bd2 g6 22.
Rf1 Rh5 23. Ref2 Rdh8 24. Ne2 Ng5 25. Nf4 R5h7 26. Be1 Nfe4 27. Re2 Qd7 28. a4
Bd8 29. b5 Bc7 30. h4 gxh3 31. Bxe4 Bxf4 32. bxa6 bxa6 33. Bd3 Bc7 34. Bxa6+ Kd8
35. Bd3 Qg4 36. Kh1 Bxg3 37. Bxg3 Qxg3 38. Qb3 Qc7 39. a5 Kd7 40. a6 Rb8 41. Qc2
Ne6 42. Ref2 f5 1/2-1/2

[Event "TCh-POL Ekstraliga 2018"]
[Site "Poland POL"]
[Date "2018.06.10"]
[Round "3.4"]
[Board "4"]
[White "Nguyen, Piotr"]
[Black "Skawinski, Arkadiusz"]
[Result "1-0"]
[WhiteTitle "IM"]
[BlackTitle "FM"]
[WhiteElo "2397"]
[BlackElo "2425"]
[WhiteTeam "WIEZA PEGOW"]
[BlackTeam "Bialy Krol Wisznia Mala"]
[WhiteFideId "1127993"]
[BlackFideId "1126415"]
[EventDate "2018.06.08"]

1. c4 e6 2. g3 d5 3. Bg2 dxc4 4. Qa4+ Nd7 5. Qxc4 a6 6. Qb3 Rb8 7. Nf3 b5 8. d4
Bb7 9. Bf4 Ngf6 10. O-O Bd6 11. Ne5 Bxg2 12. Kxg2 Bxe5 13. Bxe5 O-O 14. Rd1 Qc8
15. Nd2 Qb7+ 16. Qf3 Nd5 17. Nb3 Rbc8 18. Rac1 Qb6 19. e4 Nb4 20. Nc5 Rcd8 21.
Nxd7 Rxd7 22. d5 exd5 23. exd5 Rfd8 24. Bxg7 Kxg7 25. Qg4+ Qg6 26. Qxb4 Qf5 27.
Rc5 Rxd5 28. Rdxd5 Rxd5 29. Rxc7 Rd3 30. Rc5 Qf3+ 31. Kh3 Qxf2 32. Qg4+ Kf8 33.
Rc8+ Ke7 34. Qe4+ Kd7 35. Qc6+ 1-0

[Event "TCh-POL Ekstraliga 2018"]
[Site "Poland POL"]
[Date "2018.06.10"]
[Round "3.4"]
[Board "5"]
[White "Luch, Michal"]
[Black "Wcislo, Damian"]
[Result "1/2-1/2"]
[WhiteTitle "IM"]
[WhiteElo "2395"]
[BlackElo "2399"]
[WhiteTeam "Bialy Krol Wisznia Mala"]
[BlackTeam "WIEZA PEGOW"]
[WhiteFideId "1120042"]
[BlackFideId "1136828"]
[EventDate "2018.06.08"]

1. d4 d5 2. c4 c6 3. Nf3 Nf6 4. Qc2 e6 5. Nbd2 Nbd7 6. g3 Bd6 7. Bg2 O-O 8. O-O
Qe7 9. b3 b6 10. e4 Nxe4 11. Nxe4 dxe4 12. Qxe4 Bb7 13. Bg5 Nf6 14. Qe2 c5 15.
Rad1 cxd4 16. Rxd4 Rad8 17. Rfd1 Bc5 18. Rxd8 Rxd8 19. Ne5 Bxg2 20. Kxg2 Rxd1
21. Qxd1 h6 22. Bxf6 gxf6 23. Nd3 Qd6 24. Qf3 Kg7 25. Nxc5 Qxc5 26. Qc3 a5 27.
h4 Qa3 28. Qd2 Qc5 29. Qc3 Qa3 30. Qd2 Qc5 31. Qc1 Qc6+ 32. Kg1 Qc5 33. Qf4 h5
34. g4 hxg4 35. Qxg4+ Kh7 36. Kg2 Qe5 37. Qf3 Qd4 38. Kh3 f5 39. Qh5+ Kg7 40.
Qg5+ Kh7 41. Qh5+ 1/2-1/2